Understanding people : (Record no. 10971)

MARC details
000 -LEADER
fixed length control field 00614nam a22002057a 4500
003 - CONTROL NUMBER IDENTIFIER
control field GBCCL
005 - DATE AND TIME OF LATEST TRANSACTION
control field 20251105142609.0
008 - FIXED-LENGTH DATA ELEMENTS--GENERAL INFORMATION
fixed length control field 251105b |||||||| |||| 00| 0 eng d
020 ## - INTERNATIONAL STANDARD BOOK NUMBER
International Standard Book Number 9780310226000
020 ## - INTERNATIONAL STANDARD BOOK NUMBER
International Standard Book Number 0310226007
040 ## - CATALOGING SOURCE
Transcribing agency GBC
082 ## - DEWEY DECIMAL CLASSIFICATION NUMBER
Classification number 253.5
Item number CRA 1
100 ## - MAIN ENTRY--PERSONAL NAME
Personal name Crabb, Lawrence J.
245 ## - TITLE STATEMENT
Title Understanding people :
Remainder of title deep longings for relationship /
Statement of responsibility, etc. Lawrence J Crabb
260 ## - PUBLICATION, DISTRIBUTION, ETC.
Place of publication, distribution, etc. Grand Rapids, MI, :
Name of publisher, distributor, etc. Ministry Resources Library,
Date of publication, distribution, etc. 1987
300 ## - PHYSICAL DESCRIPTION
Extent 224 p. : ill. ;
Other physical details 23 cm.
650 ## - SUBJECT ADDED ENTRY--TOPICAL TERM
Topical term or geographic name entry element Bible-Evidences, authority, etc
650 ## - SUBJECT ADDED ENTRY--TOPICAL TERM
Topical term or geographic name entry element Pastoral counseling
942 ## - ADDED ENTRY ELEMENTS (KOHA)
Source of classification or shelving scheme Dewey Decimal Classification
Koha item type Books
Suppress in OPAC No
Holdings
Withdrawn status Lost status Source of classification or shelving scheme Damaged status Not for loan Home library Current Library Shelving location Date acquired Total checkouts Full call number Barcode Date last seen Copy number Price effective from Koha item type
    Dewey Decimal Classification     GRACE BIBLE COLLEGE GRACE BIBLE COLLEGE Ministry & Mission 2025-11-05   253.5 CRA 017272 2025-11-05 c.1 2025-11-05 Books
© Grace Bible College Library 2025